000
00290nam a2200109Ia 4500
008
200302s9999 xx 000 0 und d
100
_a
Iain Borden and Others
245
_a
The unknown city contesting architecture and social space
260
_b
The Mit Press
260
_c
2001
300
_a
533
999
_c
5925
_d
5925